African Countries - Quick Sudden Death - Statistics

General Stats
  • This quiz has been taken 2,495 times
    414 since last reset
  • The average score is 11 of 16
Answers on the Grid
Answers color-coded by a green-red scale on the quiz's grid according to % correct below.
Seychelles
Egypt
Guinea-Bissau
Greece
Yemen
Chad
Brazil
Sri Lanka
Cuba
Malta
Lesotho
Papua New Guinea
South Africa
The Gambia
Ethiopia
France
Myanmar
Ghana
Rwanda
Malawi
Armenia
New Zealand
Maldives
Mauritania
Eritrea
Peru
St. Lucia
São Tomé and Príncipe
Spain
Gabon
Nepal
Angola
 
Answer Stats
Answer % Correct
Egypt
96%
Guinea-Bissau
87%
Chad
84%
Lesotho
78%
South Africa
78%
Ethiopia
77%
Seychelles
77%
Rwanda
76%
Ghana
75%
The Gambia
69%
Malawi
67%
Eritrea
64%
Mauritania
59%
Angola
54%
Gabon
53%
São Tomé and Príncipe
47%
No matching quizzes found
Score Distribution
Percent of People with Each Score
Percentile by Number Answered
Your Score History
You have not taken this quiz since the last reset